[Event "POL-chT U20 2nd League"]
[Site "Sypniewo"]
[Date "2025.06.23"]
[Round "6.62"]
[White "Wasiluk, Mateusz"]
[Black "Szlosarczyk, Mikolaj"]
[Result "1-0"]
[WhiteElo "1897"]
[BlackElo "1640"]
[PlyCount "95"]
[EventDate "2025.06.18"]
[EventType "team-swiss"]
[EventRounds "9"]
[EventCountry "POL"]
[SourceTitle "CB27_2025"]
[SourceDate "2025.07.02"]
[SourceVersion "1"]
[SourceVersionDate "2025.07.02"]
[SourceQuality "1"]
[WhiteTeam "Białystok Stoczek 45 III"]
[BlackTeam "Wieliczka II"]
[WhiteTeamCountry "POL"]
[BlackTeamCountry "POL"]

1. e4 d5 2. exd5 Nf6 3. Nf3 Nxd5 4. d4 Bg4 5. Be2 e6 6. c4 Nb6 7. 0-0 Be7 8. Be3 0-0 9. Nc3 Nc6 10. b3 Bf6 11. Ne4 Re8 12. Nxf6+ Qxf6 13. h3 Bxf3 14. Bxf3 Rad8 15. Bxc6 bxc6 16. Qc1 h6 17. Qa3 Ra8 18. f4 Qd8 19. Qa5 Qe7 20. Rae1 Rad8 21. Rf3 Qd7 22. Ref1 f5 23. Rg3 Nc8 24. Rff3 Nd6 25. Rf1 Ne4 26. Rgf3 Kh7 27. Kh1 Rg8 28. Re1 g5 29. fxg5 hxg5 30. g4 Kg6 31. Kg2 Rde8 32. Bc1 Rgf8 33. Rxe4 fxe4 34. Qxg5+ Kh7 35. Rxf8 Rxf8 36. Qh5+ Kg8 37. Bh6 Rf7 38. Qg6+ Kh8 39. Bg5 Rg7 40. Bf6 Kg8 41. Qxg7+ Qxg7 42. Bxg7 Kxg7 43. Kf2 Kf6 44. Ke3 c5 45. Kxe4 cxd4 46. Kxd4 c5+ 47. Ke4 e5 48. h4 1-0